Technology in America : a history of individuals and ideas (Record no. 41920)
[ view plain ]
| 000 -LEADER | |
|---|---|
| fixed length control field | 00698 a2200289 4500 |
| 037 ## - SOURCE OF ACQUISITION | |
| Source of stock number/acquisition | 3, Achat |
| 037 ## - SOURCE OF ACQUISITION | |
| Stock number | S 4829 |
| 037 ## - SOURCE OF ACQUISITION | |
| Stock number | De 6609 |
| 037 ## - SOURCE OF ACQUISITION | |
| Stock number | De 6615 |
| 020 ## - NUMERO INTERNATIONAL NORMALISE DES LIVRES | |
| International Standard Book Number | 0-262-66049-0 |
| 100 ## - VEDETTE PRINCIPALE - NOM DE PERSONNE | |
| Personal name | ARRAY(0x9fac560) |
| 100 ## - VEDETTE PRINCIPALE - NOM DE PERSONNE | |
| Language of a work | En |
| 260 ## - PUBLICATION, DISTRIBUTION, ETC. (IMPRINT) | |
| Place of publication, distribution, etc | Cambridge |
| 260 ## - PUBLICATION, DISTRIBUTION, ETC. (IMPRINT) | |
| Place of publication, distribution, etc | Massachussets |
| 260 ## - PUBLICATION, DISTRIBUTION, ETC. (IMPRINT) | |
| Place of publication, distribution, etc | Londres |
| 260 ## - PUBLICATION, DISTRIBUTION, ETC. (IMPRINT) | |
| Name of publisher, distributor, etc | The MIT Press |
| 245 ## - TITLE STATEMENT | |
| Title | Technology in America : a history of individuals and ideas |
| 260 ## - PUBLICATION, DISTRIBUTION, ETC. (IMPRINT) | |
| Date of publication, distribution, etc | 1990 |
| 250 ## - EDITION STATEMENT | |
| Edition statement | 2e éd. |
| 300 ## - PHYSICAL DESCRIPTION | |
| Extent | 319 p. |
| 300 ## - PHYSICAL DESCRIPTION | |
| Other physical details | 20cm |
| 630 ## - SUBJECT ADDED ENTRY--UNIFORM TITLE | |
| Uniform title | 62 - Ingenierie. Art de lingenieur. Technologie en general |
| 650 ## - SUBJECT ADDED ENTRY--TOPICAL TERM | |
| Topical term or geographic name as entry element | 6 - SCIENCES APPLIQUEES |
| 650 ## - SUBJECT ADDED ENTRY--TOPICAL TERM | |
| Topical term or geographic name as entry element | Technologie : Amérique |
| Withdrawn status | Lost status | Damaged status | Not for loan | Location (home branch) | Sublocation or collection (holding branch) | Date acquired | Koha issues (times borrowed) | Koha full call number | Koha date last seen | Price effective from | Koha item type |
|---|---|---|---|---|---|---|---|---|---|---|---|
| Bibliothèque Universitaire Centrale | Bibliothèque Universitaire Centrale | 28/02/2009 | 66(73) TEC | 28/02/2009 | 28/02/2009 | Livre |